|
|
|
|
| LEADER |
00696cam a2200205 7i4500 |
| 001 |
0000020367 |
| 005 |
20210311090000.0 |
| 008 |
080213 eng |
| 020 |
|
|
|a 9780395759271
|
| 020 |
|
|
|a 0395759277 (pbk.)
|
| 040 |
|
|
|a UNiSEL
|
| 090 |
0 |
0 |
|a QD31.2
|b .W46 1996
|
| 100 |
1 |
|
|a Wentworth, R. A. D
|
| 245 |
1 |
0 |
|a Experiments in general chemistry
|c R. A. D. Wentworth.
|
| 250 |
|
|
|a 4th ed.
|
| 260 |
|
|
|a Boston:
|b Houghton Mifflin,
|c 1996.
|
| 300 |
|
|
|a viii, 605 p.:
|b ill.;
|c 28 cm.
|
| 650 |
0 |
0 |
|a Chemistry --
|x Study and teaching
|
| 997 |
|
|
|a Engineering & Life Sciences, Faculty
|b Science & Biotechnology, Department
|
| 999 |
|
|
|a 0000021276
|b BOK
|c OPEN SHELF
|e 2nd Floor, Bestari Jaya
|